Etnografías con niñas, niños y jóvenes : prácticas y saberes emergentes en el trabajo de campo /

Bibliographic Details
Other Authors: Guerrero, Alba Lucy (Editor)
Format: Electronic eBook
Language:Spanish
Published: Bogotá : Editorial Pontificia Universidad Javeriana, [2024]
Edition:Primera edición.
Series:Colección Libros de investigación Vicerrectoría Académica.
Subjects:
Online Access:Digitalia Hispánica

MARC

LEADER 00000nam a2200000Ii 4500
001 DIGEPUJ0518
003 NyNyDIG
006 m o d
007 cr |||||||||||
008 260205s2024 ck ao ob 000 0 spa d
035 |a (OCoLC)1551398131 
040 |a DGITA  |b eng  |e rda  |e pn  |c DGITA 
020 |a 9789587819571  |q (electrónico) 
020 |z 9789587819588  |q (impreso) 
024 7 |a https://doi.org/10.11144/Javeriana.9789587819571  |2 doi 
050 1 4 |a HQ781 ebook 
245 0 0 |a Etnografías con niñas, niños y jóvenes :  |b prácticas y saberes emergentes en el trabajo de campo /  |c Alba Lucy Guerrero [and 5 others] editoras académicas. 
250 |a Primera edición. 
264 1 |a Bogotá :  |b Editorial Pontificia Universidad Javeriana,  |c [2024] 
300 |a 1 online resource :  |b illustrations, photographs. 
336 |a text  |b txt  |2 rdacontent 
337 |a computer  |b c  |2 rdamedia 
338 |a online resource  |b cr  |2 rdacarrier 
347 |a text file  |2 rdaft 
347 |b EPUB 
490 1 |a Colección Libros de investigación Vicerrectoría Académica 
504 |a Includes bibliographical references. 
588 0 |a Online resource; title from ePub title page (Digitalia, viewed February 5, 2026) 
650 0 |a Children  |x Social conditions. 
650 0 |a Ethnology. 
650 0 |a Teenagers  |x Social conditions. 
650 0 |a Social sciences  |x Research. 
700 1 |a Guerrero, Alba Lucy,  |e editor. 
791 2 |a Digitalia (Firm),  |e distributor. 
793 0 |g Digitalia eBook Collection:  |a Pontificia Universidad Javeriana 
776 0 8 |i Print version:  |t Etnografías con niñas, niños y jóvenes.  |b Primera edición.  |d Bogotá : Editorial Pontificia Universidad Javeriana, [2024]  |z 9789587819588 
830 0 |a Colección Libros de investigación Vicerrectoría Académica. 
856 4 0 |3 Digitalia Hispánica  |u https://www.digitaliapublishing.com/a/183379/ 
910 |a Premium collection: 2026